The story of the atom /

Bibliographic Details
Main Author: Freeman, Mae Blacker, 1907-
Other Authors: Freeman, Ira Maximilian, 1905-
Format: Book
Language:English
Published: New York : Random House, [1960]
Subjects:

MARC

Tag First Indicator Second Indicator Subfields
LEADER 00000cam a2200000 4500
001 in00000032562
005 20151007061811.0
008 750623s1960 nyua j 00010 eng u
010 |a  60009422  
035 |a (OCoLC)01406616 
035 |9 AAD3111AM 
040 |c ORL  |d OCL  |d TXA  |d UtOrBLW 
049 |a TXAM  |c [327052] 
050 0 0 |a PZ10.F714  |b St 
090 |a QC792.5  |b .F74 1960 
092 |a 813  |b F855 5s, 1960 
100 1 |a Freeman, Mae Blacker,  |d 1907- 
245 1 4 |a The story of the atom /  |c by Mae and Ira Freeman. Illustrated by Rene Martin. 
264 1 |a New York :  |b Random House,  |c [1960] 
300 |a 81 pages :  |b illustrations ;  |c 24 cm. 
336 |a text  |b txt  |2 rdacontent 
337 |a unmediated  |b n  |2 rdamedia 
338 |a volume  |b nc  |2 rdacarrier 
650 0 |a Nuclear energy  |v Juvenile literature. 
700 1 |a Freeman, Ira Maximilian,  |d 1905- 
949 |a updated  |b h  |c 2003/9/12  |e rrojas  |f 3:06:49 pm 
999 |a MARS 
999 f f |s d85a557e-81ad-33fd-bed9-51d3405645e9  |i 8bd061f1-99ab-3a35-b6ee-8de34070772a  |t 0 
952 f f |p ric  |a Texas A&M University  |b Rellis Campus  |c Joint Library Facility  |d Remote Storage  |t 0  |e QC792.5 .F74 1960  |h Library of Congress classification  |i unmediated -- volume  |m A14801237770 
998 f f |a QC792.5 .F74 1960  |t 0  |l Remote Storage